Visual Basic Oracle 8

Enregistré dans:
Détails bibliographiques
Format: Livre
Langue:Undetermined
Publié: H. Thống Kê 2001
Sujets:
Tags: Ajouter un tag
Pas de tags, Soyez le premier à ajouter un tag!
Thư viện lưu trữ: Trung tâm Học liệu Trường Đại học Cần Thơ
LEADER 00427nam a2200157Ia 4500
001 CTU_55206
008 210402s9999 xx 000 0 und d
020 |b 58000 
082 |a 005.756 
082 |b V822 
245 0 |a Visual Basic Oracle 8 
260 |a H. 
260 |b Thống Kê 
260 |c 2001 
650 |a relational databases,oracle ( computer programs ) 
980 |a Trung tâm Học liệu Trường Đại học Cần Thơ